000 00824cab a2200253 4500
001 ABS54065
008 090401t1995 xxu||||| |||| 00| 0 eng d
035 _a(Sirsi) u8238
041 _aeng
100 _aNicholson, J.
245 _aParking in town centres
260 _c1995
350 _a0
490 _aHighways & Transportation
_v42(11) November 1995, 16-17(2)
520 _aExamines considerations for parking provision and management in town centres, including retail sustainability, income, disabled access and residents` vehicles.
650 _aCAR PARKING
650 _aPLANNING POLICY GUIDANCE NOTE 13
650 _aPLANNING POLICY GUIDANCE NOTE SIX
650 _aTOWN CENTRES
690 _aPLANNING LAW AND PRACTICE
690 _aTRANSPORT AND COMMUNICATIONS
942 _n0
948 _c04/03/1997
999 _c5040
_d5040